[Event "South America-chT U26 17th"]
[Site "Bogota"]
[Date "2011.12.06"]
[Round "7.1"]
[White "Ruiz Castillo, Joshua Daniel"]
[Black "Cerezo F, Jose O"]
[Result "1-0"]
[WhiteElo "2241"]
[BlackElo "1815"]
[PlyCount "63"]
[EventDate "2011.12.03"]
[EventType "team-tourn"]
[EventRounds "9"]
[EventCountry "COL"]
[SourceTitle "EXT 2013"]
[Source "ChessBase"]
[SourceDate "2012.11.22"]
[SourceVersion "1"]
[SourceVersionDate "2012.11.22"]
[SourceQuality "1"]
[WhiteTeam "Columbia"]
[BlackTeam "Bolivia"]
[WhiteTeamCountry "COL"]
[BlackTeamCountry "BOL"]

1. e4 e6 2. d4 d5 3. Nc3 dxe4 4. Nxe4 Bd7 5. Nf3 Bc6 6. Ng3 Bxf3 7. Qxf3 c6 8. c3 Nf6 9. Bd3 Be7 10. b3 0-0 11. Bb2 Qc7 12. 0-0 c5 13. dxc5 Bxc5 14. c4 Be7 15. Rfe1 Nbd7 16. Rad1 Rad8 17. Bb1 Bb4 18. Rf1 Be7 19. h4 Rfe8 20. h5 h6 21. Ne4 Nxe4 22. Qxe4 Nf8 23. Qg4 e5 24. Be4 f6 25. Bd5+ Kh8 26. Bc1 Nh7 27. Qg6 Bc5 28. Rd3 Nf8 29. Qe4 Ne6 30. Qf5 Nf8 31. Rg3 Qe7 32. Bxh6 1-0